Privacy Rights in the Global Digital Economy Legal Problems and Canadian Paths to Justice

Detalles Bibliográficos
Autor principal: Jacobs, Lesley A.
Formato: eBook
Lenguaje:inglés
Publicado: Toronto: Irwin Law Inc., 2014
Materias:
Acceso en línea:Acceso restringido

MARC

LEADER 00000nam a22000007a 4500
005 2021081309429.0
007 cr|||| ||||
008 210813s2014 ca |||||s|||| 00||0 eng d
020 |a 978-1-55221-377-3 
035 |a 34946 
040 |a vLex 
090 |c 12012  |d 12012 
100 1 |a Jacobs, Lesley A. 
245 1 0 |a Privacy Rights in the Global Digital Economy Legal Problems and Canadian Paths to Justice  |h [Recurso electrn̤ico] /  |c Lesley A. Jacobs 
256 |a Servicio en ln̕ea 
260 |a Toronto:  |b Irwin Law Inc.,  |c 2014 
300 |a 1 recurso electrn̤ico 
506 1 |a Disponible solo en los productos indicados  |d vLex Global  |d vLex Global (Academic Edition, excluding Law Schools)  |d vLex Global (U.S. Academic Edition, Law Schools)  |d vLex Global (U.S. Academic Edition, excluding Law Schools)  |d vLex Global (Academic Edition, Law Schools) 
650 0 4 |a Derecho de las Nuevas Tecnologa̕s  |z Canad̀ 
740 0 |a vLex Libros (Servicio en ln̕ea) 
856 4 0 |u https://app.vlex.com/#/sources/34946  |z Acceso restringido 
942 |c BOOK 
999 0 |a New Technologies Law